Statistics for Harry Potter Characters

Click here to take the quiz!

General Stats

  • This quiz has been taken 25 times
  • The average score is 9 of 11

Answer Stats

HintAnswer% Correct
Main characterHarry Potter
100%
Smartest Witch of her ageHermione Granger
96%
Second Youngest WeasleyRon Weasley
96%
HeadmasterAlbus Dumbledore
91%
The Free ElfDobby
91%
The most evilLord Voldemort
91%
The Potions MasterSeverus Snape
91%
The Games keeperHagrid
78%
The JokesterFred Weasley
74%
The lost earGeoge Weasley
22%
The Loyal companionHedwig
22%

Score Distribution

Percentile by Number Answered

Percent of People with Each Score

Your Score History

You have not taken this quiz